00815nam a2200205 i 450000100060000000300090000600500170001500700030003200800410003510000370007624501280011326000540024130000220029549000320031770000520034983000400040185200310044199900170047295201200048955149ES-MaACL20251108163133.0t|030915s1946 dr ||||1| spa d1 aDeligne, Gaston Fernando.94351610aGalarijosos b: romances, traducciones y paráfrasis / cGaston Fernando Deligne ; prólogo de Pedro Henríquez Ureña. aCiudad Trujillo : bMontalvo, c1946 (fVirgilio) a222 p. ; c25 cm.1 aBiblioteca Dominicana ; v3 aHenríquez Ureña, Pedro, d1884-194691765160 aBiblioteca Dominicana ; v39230318 aES-MaACLjC-4047 bR.23277 c55149d55149 00104070aATENEOMbATENEOMcSPALd2008-01-17eSCl0oC-4047p1057949r2023-02-23 00:00:00w2023-02-23yMONOGRAFIA